000 00685nam a2200229Ia 4500
003 GCL
008 140319s9999 xx 000 0 ara d
040 _aGCL /
_cGCL
082 0 4 _a135.4
_bع ع
100 1 _aعبدالرحمن نورالدين
245 1 0 _aالعلم وتفسير الاحلام /
_cعبدالرحمن نورالدين
260 _a[S.N] :
_bدار الهلال للطباعة والنشر ،
_c1990
300 _a168
490 _a
650 0 4 _aعلم النفس
650 0 4 _aالتحليل النفسى
650 0 4 _aالاحلام
650 0 4 _aتفاسير
650 0 4 _aالنوم
650 0 4 _aعلم النفس الشعبى
942 _2ddc
_cBK
999 _c31192
_d31192